| 000 | 00489nam a2200205Ia 4500 | ||
|---|---|---|---|
| 005 | 20220531115209.0 | ||
| 008 | 131103s9999 xx 000 0 und d | ||
| 020 | _a330235516 | ||
| 040 | _aLoreto College | ||
| 041 | _aEnglish | ||
| 082 |
_aF _bKIL |
||
| 100 | _aKilroy,Thomas | ||
| 245 | 4 |
_aThe Big Chapel _cThomas Kilroy |
|
| 250 | _aUnabridged | ||
| 260 |
_aLondon _bPan Books Ltd. _c1971 |
||
| 300 | _a232 p. | ||
| 650 | _aFiction in English | ||
| 850 | _aLCLIB | ||
| 942 | _cBK | ||
| 999 |
_c16718 _d67197 |
||